000 00459nam a22001337a 4500
020 _a81-203-3047-1
082 _a621 SAW
100 _aSAWHNEY, G.S
_963721
245 _aFUNDAMENTALS OF MECHANICAL ENGINEERING, THERMODYNAMICS, MECHANICS AND STRENGTH OF MATERIALS
260 _aNEW DELHI
_bPRENTICE HALL INDIA
_c2006
300 _aIX,473 P
650 _aMECHANICAL ENGINEERING-FUNDAMENTALS.THERMODYNAMICS. MECHANICS.STRENGTH OF MATERIALS
_963722
942 _cBK
999 _c572451
_d572451